000 00302 a2200133 4500
001 63640
082 _a629.83 KUO
090 _c37638
_d37638
100 _aKuo B.C
245 _aAutomatic control Systems
_hEnglish
250 _a5th Edition
260 _aNJ
_bPrentice Hall
_c1987
300 _b720p
942 _aNUST-CAE
_k629.83 KUO
999 _c298713
_d298713